000 00968nam a2200289 i 4500
001 189178
003 SpMaBN
005 20240104125445.0
008 190422s2017 sp |||| | spa d
020 _a978-84-264-0281-3
080 _a821.134.2-14"19"
100 1 _aAleixandre, Vicente,
_d1898-1984
_919688
245 1 0 _aPoesía completa /
_cVicente Aleixandre ; edición de Alejandro Sanz.
250 _a1ª ed.
260 _a[Barcelona] :
_bLumen,
_c2017.
300 _aXXIII, 1506 p. ;
_c24 cm.
490 1 _aPoesía ;
_v214
500 _aÍndice.
504 _aBibliografía: p. 1443-1451.
700 1 _aSanz, Alejandro,
_d1967-
_9103558
830 0 _aPoesía ;
_v214
_9177794
852 _aES-MaACL
_jA-14470
_9196316
_bR.152591
_cDEPO1
_dOlim: N-7470
_hDonacion: Alejandro Sanz
_x- Enc. cart.
903 _9103558
_aSanz, Alejandro,
_d1967-
_ednr
942 _2udc
_cMONOGRAFIA
999 _c189178
_d189178